Normal view
MARC view
Entry Personal Name
001 - CONTROL NUMBER
- control field: 16405
003 - CONTROL NUMBER IDENTIFIER
- control field: OSt
005 - DATE AND TIME OF LATEST TRANSACTION
- control field: 20230120105335.0
008 - FIXED-LENGTH DATA ELEMENTS
- fixed length control field: 230120|| aca||aabn | a|a d
040 ## - CATALOGING SOURCE
- Original cataloging agency: OSt
- Transcribing agency: OSt
100 ## - HEADING--PERSONAL NAME
- Personal name: Williams, Gwyn A
670 ## - SOURCE DATA FOUND
- Source citation: Work cat.: (OSt): Williams, Gwyn A, Medieval London, from commune to capital, 1963
